Books, bridges, beds and board /

Bibliographic Details
Main Author: Dykes, Jeff, 1900-1989 (Author)
Format: Book
Language:English
Published: [Chicago] : [W.B. Thorsen], [1963]
Subjects:

MARC

Tag First Indicator Second Indicator Subfields
LEADER 00000nam a2200000 i 4500
001 in00004591504
008 220818s1963 txu 000 0deng d
005 20220818163011.8
035 |a (OCoLC)on1341356669 
040 |a TXA  |b eng  |e rda  |c TXA 
035 |a (OCoLC)1341356669 
043 |a n-us-tx 
090 |a Z989.D94  |b A3 1963 
100 1 |a Dykes, Jeff,  |d 1900-1989,  |e author. 
245 1 0 |a Books, bridges, beds and board /  |c by Jeff C. Dykes. 
264 1 |a [Chicago] :  |b [W.B. Thorsen],  |c [1963] 
300 |a pages 11-14 ;  |c 28 cm. 
336 |a text  |b txt  |2 rdacontent 
337 |a unmediated  |b n  |2 rdamedia 
338 |a volume  |b nc  |2 rdacarrier 
500 |a Detached from: The American book collector, vol. 14, no. 3, November 1963. 
650 0 |a Book collecting. 
600 1 0 |a Dykes, Jeff,  |d 1900-1989  |x Books and reading. 
650 0 |a Book collectors  |z Texas  |v Biography. 
730 0 |a American book collector (Chicago, Ill.) 
994 |a Z0  |b TXA 
948 |h HELD BY TXA - 0 OTHER HOLDINGS 
999 f f |s c9d81da8-1005-4c1f-8466-c464491cc8f9  |i 86f09d5d-eed2-4401-9197-b72547208228  |t 0 
952 f f |p noncirc  |a Texas A&M University  |b College Station  |c Cushing Memorial Library & Archives  |d Cushing: Dykes (Does not check out)  |t 0  |e Z989.D94 A3 1963  |f Vertical File  |h Library of Congress classification  |i unmediated -- volume  |m A1485293088F 
998 f f |a Z989.D94 A3 1963  |t 0  |l Cushing: Dykes (Does not check out)